مكتبة جامعة عجلون الوطنية

فهرس بحث المكتبة

Normal view MARC view
  • الشاذلية- طرق صوفية- تراجم

Entry Topical Term

Number of records used in: 1

001 - CONTROL NUMBER

  • control field: 40815

003 - CONTROL NUMBER IDENTIFIER

  • control field: JO-AjAnu

005 - DATE AND TIME OF LATEST TRANSACTION

  • control field: 20230606080759.0

008 - FIXED-LENGTH DATA ELEMENTS

  • fixed length control field: 230606|| aca||aabn | a|a d

040 ## - CATALOGING SOURCE

  • Original cataloging agency: JO-AjAnu
  • Transcribing agency: JO-AjAnu

150 ## - HEADING--TOPICAL TERM

  • Topical term or geographic name entry element: الشاذلية- طرق صوفية- تراجم

670 ## - SOURCE DATA FOUND

  • Source citation: Work cat.: (JO-AjAnu)20919: الحسينية، فاطمة اليشرطية ؛ إشراف وتصدير أحمد اليشرطي, author 40814, رحلة الى الحق في مناقب حضرة والدي وشيخي القطب الغوث الأكبر والوارث المحمدي الأعظم الشيخ علي نور الدين اليشرطي